MARC

LEADER 00000nam^a2200000^a^4500
001 000630160
005 20260410000000.0
009 20260410195516.98
037 |a Acervo ITESO - Biblioteca 
041 |a ESP 
082 |a 320. 05  |b REB ZAP V. 2 
240 1 1 |a [Rebeldía] 
240 1 1 |a [Rebeldía Zapatista] 
245 0 0 |a Rebeldía Zapatista :  |b la palabra del EZLN : número 2, abril de 2014 /  |c Presen. de Subcomandante Marcos. 
264 1 |a México :  |b Rebeldía,  |c 2004 
300 |a 96 p. 
336 |a texto  |b txt  |2 rdacontenido 
337 |a sin mediación  |b n  |2 rdamedio 
338 |a volumen  |b nc  |2 rdasoporte 
440 1 |a (Rebeldía ;  |v 24) 
567 |a Catalogación rápida 
649 |a XX 
650 |a Indígenas de México -  |x Condiciones Políticas 
650 |a Ejército Zapatista de Liberación Nacional -  |x Publicaciones Periódicas -  |x Tema Principal 
650 |a Ejército Zapatista de Liberación Nacional -  |x Tema Principal 
650 |a Comunidad Educativa 
650 |a Resistencia Civil -  |z México 
650 |a Movimientos Políticos -  |z México 
650 |a Movimientos Sociales -  |z México 
650 |a Neoliberalismo -  |z México 
650 |a Poder Político -  |z México 
650 |a Educación y Política -  |z México 
650 |a Educación -  |z México -  |x Historia -  |y 2012-2018 
650 |a Educación -  |z México -  |x Historia -  |y Siglo XXI 
650 |a Política -  |z México -  |x Historia -  |y 2012-2018 
650 |a Política -  |z México -  |x Historia -  |y Siglo XXI 
650 |a Política -  |z México -  |x Historia 
650 |a Política -  |x Publicaciones Periódicas Mexicanas -  |x Tema Principal 
650 |a Publicaciones Periódicas Mexicanas 
650 |a Publicaciones Periódicas 
700 |a Subcomandante Marcos  |e (presentación) 
910 |a Fondo Castillo-Martínez 
920 |a Impresos - Libros 
930 |a Fondos Especiales 
905 |a 127 
901 |a 630160-10  |b IT2  |c ESP  |i D125167  |u 20260410 
901 |a 630160-20  |b IT2  |c ESP  |i D125169  |u 20260410 
902 |a https://opac.biblio.iteso.mx/vufind/Record/000630160